Detalles MARC
| 000 -LEADER |
| campo de control de longitud fija |
03225nam a2200457 i 4500 |
| 001 - NÚMERO DE CONTROL |
| campo de control |
194898 |
| 003 - IDENTIFICADOR DE NÚMERO DE CONTROL |
| campo de control |
ES-GrU |
| 005 - FECHA Y HORA DE LA ÚLTIMA TRANSACCIÓN |
| campo de control |
20250528063017.0 |
| 007 - CAMPO FIJO DE DESCRIPCIÓN FÍSICA--INFORMACIÓN GENERAL |
| campo de control de longitud fija |
ta |
| 008 - DATOS DE LONGITUD FIJA--INFORMACIÓN GENERAL |
| campo de control de longitud fija |
240321s2022 sp d rb 001 0 spa d |
| 017 ## - NÚMERO DE COPYRIGHT O DE DEPÓSITO LEGAL |
| Número de copyright o de depósito legal |
BI 01443-2022 |
| Agencia que asigna |
Oficina Depósito Legal Bilbao |
| 020 ## - NÚMERO INTERNACIONAL ESTÁNDAR DEL LIBRO |
| Número Internacional Estándar del Libro |
9788492937929 |
| 035 ## - NÚMERO DE CONTROL DEL SISTEMA |
| Número de control de sistema |
(OCoLC)1430649665 |
| 040 ## - FUENTE DE CATALOGACIÓN |
| Centro catalogador/agencia de origen |
BUS |
| Centro/agencia modificador |
UGR |
| Normas de descripción |
rda |
| Lengua de catalogación |
spa |
| Centro/agencia transcriptor |
ES-MaACL |
| 080 ## - NÚMERO DE LA CLASIFICACIÓN DECIMAL UNIVERSAL |
| Número de la Clasificación Decimal Universal |
64(460) |
| 080 ## - NÚMERO DE LA CLASIFICACIÓN DECIMAL UNIVERSAL |
| Número de la Clasificación Decimal Universal |
330.567.2(460)"20" |
| 080 ## - NÚMERO DE LA CLASIFICACIÓN DECIMAL UNIVERSAL |
| Número de la Clasificación Decimal Universal |
64.03/.06(460)"20" |
| 100 ## - ENTRADA PRINCIPAL--NOMBRE DE PERSONA |
| Nombre de persona |
Benages Candau, Eva |
| 9 (RLIN) |
145894 |
| Término indicativo de función/relación |
Autor |
| 245 13 - MENCIÓN DEL TÍTULO |
| Título |
El equipamiento de los hogares y las dotaciones de capital de las familias en el siglo XXI / |
| Mención de responsabilidad, etc. |
Eva Benages Candau, Laura Hernández Lahiguera, Juan Carlos Robledo Domínguez ; dirigido por Francisco Pérez García, Ezequiel Uriel Jiménez |
| 250 ## - MENCION DE EDICION |
| Mención de edición |
Primera edición, octubre 2022 |
| 264 #1 - PRODUCCIÓN, PUBLICACIÓN, DISTRIBUCIÓN, FABRICACIÓN Y COPYRIGHT |
| Producción, publicación, distribución, fabricación y copyright |
Madrid : |
| Nombre del de productor, editor, distribuidor, fabricante |
Fundación BBVA, |
| Fecha de producción, publicación, distribución, fabricación o copyright |
2022 |
| 264 #4 - PRODUCCIÓN, PUBLICACIÓN, DISTRIBUCIÓN, FABRICACIÓN Y COPYRIGHT |
| Fecha de producción, publicación, distribución, fabricación o copyright |
©2022 |
| 300 ## - DESCRIPCIÓN FÍSICA |
| Extensión |
290 páginas : |
| Otras características físicas |
gráficos (blanco y negro) ; |
| Dimensiones |
24 cm |
| 336 ## - TIPO DE CONTENIDO |
| Término de tipo de contenido |
texto |
| Código de tipo de contenido |
txt |
| Fuente |
rdacontent |
| 337 ## - TIPO DE MEDIO |
| Nombre/término del tipo de medio |
sin mediación |
| Código del tipo de medio |
n |
| Fuente |
rdamedia |
| 338 ## - TIPO DE SOPORTE |
| Nombre/término del tipo de soporte |
volumen |
| Código del tipo de soporte |
nc |
| Fuente |
rdacarrier |
| 504 ## - NOTA DE BIBLIOGRAFÍA, ETC. |
| Nota de bibliografía, etc. |
p. 269-274 |
| 520 ## - RESUMEN, ETC. |
| Sumario, etc. |
El crecimiento económico de las últimas décadas ha permitido aumentar la renta de los hogares españoles y mejorar su bienestar. Un reflejo de esas mejoras ha sido el aumento del consumo privado en bienes duraderos. Esta monografía aborda el análisis de los flujos de gasto en equipamiento de los hogares desde una perspectiva distinta a la habitual, pues los considera bienes de inversión. Este enfoque permite cuantificar los correspondientes stocks de capital en equipamiento acumulados por los hogares, así como los cambios en su composición a lo largo del tiempo.La obra analiza la evolución a largo plazo de las dotaciones de bienes duraderos de los hogares españoles, tanto en términos físicos como monetarios. A partir de los flujos de gasto de los hogares proporcionados por la Contabilidad Nacional y la Encuesta de Presupuestos Familiares (INE), se cuantifica el capital doméstico, que valora el equipamiento acumulado a lo largo del tiempo por los hogares. Asimismo, se presta atención a los cambios en la composición de ese equipamiento doméstico a lo largo del tiempo, diferenciando entre distintos tipos de activos: muebles y enseres, electrodomésticos, vehículos y equipamiento digital. Se estudia la evolución de la edad media de los activos y su distribución regional. |
| 650 #0 - PUNTO DE ACCESO ADICIONAL DE MATERIA--TÉRMINO DE MATERIA |
| Término de materia o nombre geográfico como elemento de entrada |
Economía doméstica- |
| Subdivisión geográfica |
España |
| Fuente del encabezamiento o término |
EMBUS |
| 9 (RLIN) |
236519 |
| 650 #0 - PUNTO DE ACCESO ADICIONAL DE MATERIA--TÉRMINO DE MATERIA |
| Término de materia o nombre geográfico como elemento de entrada |
Economía doméstica- |
| Subdivisión general |
Contabilidad |
| Fuente del encabezamiento o término |
EMBUS |
| 9 (RLIN) |
236520 |
| 700 ## - ENTRADA AGREGADA--NOMBRE PERSONAL |
| Nombre de persona |
Hernández Lahiguera, Laura |
| 9 (RLIN) |
159584 |
| Término indicativo de función/relación |
Autor |
| 700 1# - ENTRADA AGREGADA--NOMBRE PERSONAL |
| Nombre de persona |
Robledo Domínguez, Juan Carlos |
| 9 (RLIN) |
152138 |
| Término indicativo de función/relación |
Autor |
| 700 1# - ENTRADA AGREGADA--NOMBRE PERSONAL |
| Nombre de persona |
Pérez, Francisco, |
| Fechas asociadas al nombre |
1950- |
| 9 (RLIN) |
234242 |
| Término indicativo de función/relación |
Autor |
| 852 ## - LOCALIZACIÓN |
| Ubicación |
ES-MaACL |
| Ubicación en estantería |
Depósito J |
| Número de control de estantería |
N-9915 |
| Encuadernación |
Encuadernación rústica con solapas |
| Donativo/Legado |
Donación: Editorial |
| itemnumber |
205835 |
| 856 42 - LOCALIZACIÓN Y ACCESO ELECTRÓNICOS |
| Identificador Uniforme de Recursos |
<a href="https://www.fbbva.es/bd/inversion-y-dotaciones-de-capital-en-bienes-duraderos-de-los-hogares/">https://www.fbbva.es/bd/inversion-y-dotaciones-de-capital-en-bienes-duraderos-de-los-hogares/</a> |
| Texto de enlace |
Versión digital |
| 942 ## - ELEMENTOS DE ENTRADA SECUNDARIOS (KOHA) |
| Tipo de ítem Koha |
Libro impreso |
| Suprimir en OPAC |
No |